000 00283nam a2200109Ia 4500
008 200302s9999 xx 000 0 und d
100 _aVivien Frank
245 _aPicture Framing A Step By Step Practical Guide
260 _bQuintet Publishing Ltd.
260 _c1990
300 _a128 P.,
999 _c1320
_d1320